Právne a účtovné aspekty vkladu podniku ako typu kombinácie podnikov v Slovenskej republike

Problematika vkladu podniku ako jedného z typov kombinácií podnikov v Slovenskej republike z právneho a účtovného hľadiska. Definícia podniku. Transakcia vkladu podniku ako jednu z možných kombinácií podnikov. Vzťahy medzi vkladateľom podniku a prijímateľom vkladu.

Salvato in:
Dettagli Bibliografici
Autore principale: Podmanická, Martina, 1977-
Natura: Capitolo di libro
Lingua:slovacco
Soggetti:
Tags: Aggiungi Tag
Nessun Tag, puoi essere il primo ad aggiungerne!!

MARC

LEADER 00000naa a2200000 4500
001 0280531
005 20240502074344.3
041 0 |a slo 
044 |a SK 
245 1 0 |a Právne a účtovné aspekty vkladu podniku ako typu kombinácie podnikov v Slovenskej republike  |c Martina Podmanická 
520 |a Problematika vkladu podniku ako jedného z typov kombinácií podnikov v Slovenskej republike z právneho a účtovného hľadiska. Definícia podniku. Transakcia vkladu podniku ako jednu z možných kombinácií podnikov. Vzťahy medzi vkladateľom podniku a prijímateľom vkladu. 
610 2 0 |a podnik 
610 2 0 |a účtovanie 
610 2 0 |a majetok 
610 2 0 |a vklady 
610 2 0 |a záväzky 
100 1 |a Podmanická, Martina, 1977-